000 00446nam a2200181Ia 4500
001 8403
005 20260306160606.0
008 260306t2013||||xx |||||||||||||| ||spa||
041 _aESP
082 _a370.72
_bE337
100 _aEfron, Sara Efrat
_eAUT
245 0 _aAction research in education:
_ba practical guide
260 _c2013
300 _axx, 268 páginas :
_c24 cm.
650 _aGEN
654 _aCED
942 _cLIB
_dJUS
_fJUS
_2ddc
_n
999 _c8403
_d8403